[Event "Ì15Ï"]
[Site "Loo"]
[Date "2017.04.24"]
[Round "5.51"]
[White "Äÿòëîâ, Îëåã."]
[Black "Ïðèøèáèëîâè÷, Ìàòâåé."]
[Result "0-1"]
[WhiteElo "1549"]
[BlackElo "1664"]
[PlyCount "94"]
[EventDate "2017.04.20"]

1. d4 d5 2. Nf3 Nf6 3. Bf4 Bf5 4. e3 e6 5. Bd3 Bxd3 6. Qxd3 c6 7. Nbd2 Bd6 8.
Bg3 O-O 9. O-O Bxg3 10. hxg3 Nbd7 11. c3 c5 12. Qe2 c4 13. e4 h6 14. e5 Nh7 15.
Nh2 b5 16. f4 a5 17. g4 b4 18. Rf3 bxc3 19. bxc3 Rb8 20. Ndf1 a4 21. Rh3 Re8
22. Nf3 a3 23. Ne3 Rb2 24. Nc2 Ndf8 25. Qd1 Qa5 26. Nb4 Ng6 27. g3 f6 28. Rh2
fxe5 29. fxe5 Rf8 30. g5 Rxh2 31. Kxh2 hxg5 32. Qc2 Ne7 33. Rh1 Rxf3 34. Kg2
Rd3 35. Nxd3 Nf5 36. Kf2 cxd3 37. Qxd3 g4 38. Qd2 Qb5 39. Rc1 Qb2 40. Qxb2 axb2
41. Rb1 Ng5 42. Rxb2 Ne4+ 43. Kg1 Nxc3 44. Rc2 Nxd4 45. Rb2 Nf3+ 46. Kh1 Nxe5
47. Rb3 Nxa2 0-1

[Event "Ì15Ï"]
[Site "Loo"]
[Date "2017.04.24"]
[Round "5.52"]
[White "Øêðåáêî, Ìèõàèë."]
[Black "Áîéêî, Èãîðü."]
[Result "0-1"]
[WhiteElo "1468"]
[BlackElo "1649"]
[PlyCount "60"]
[EventDate "2017.04.20"]

1. d4 d5 2. c4 c6 3. Nc3 Nf6 4. e3 e6 5. Nf3 Nbd7 6. Qc2 Bd6 7. Bd3 dxc4 8.
Bxc4 b5 9. Bd3 Bb7 10. O-O O-O 11. a3 a5 12. e4 e5 13. d5 cxd5 14. Nxd5 Bxd5
15. exd5 Rc8 16. Qe2 e4 17. Bxe4 Re8 18. Bxh7+ Nxh7 19. Qxb5 Rc5 20. Qd3 Ne5
21. Nxe5 Bxe5 22. Be3 Rxd5 23. Qb3 Nf6 24. Rab1 Qb8 25. Qxb8 Rxb8 26. b4 a4 27.
Rfd1 Rbd8 28. Rxd5 Rxd5 29. b5 Rd3 30. Bc5 Rb3 0-1

[Event "Ì15Ï"]
[Site "Loo"]
[Date "2017.04.24"]
[Round "5.53"]
[White "Òèòîâè÷, Ìèõàèë."]
[Black "Èãíàòåíêî, Àðòóð."]
[Result "1/2-1/2"]
[WhiteElo "1440"]
[BlackElo "1621"]
[PlyCount "90"]
[EventDate "2017.04.20"]

1. d4 Nf6 2. c4 e6 3. Nc3 d5 4. Bg5 Be7 5. e3 O-O 6. Nf3 c6 7. Be2 h6 8. Bh4
Nbd7 9. h3 c5 10. dxc5 Nxc5 11. cxd5 Nxd5 12. Bxe7 Nxe7 13. Qxd8 Rxd8 14. O-O
b6 15. Rfd1 Bb7 16. Rxd8+ Rxd8 17. Rd1 Rxd1+ 18. Nxd1 Ba6 19. Bxa6 Nxa6 20. Kf1
f6 21. Nd4 Nc7 22. Nc3 e5 23. Ndb5 Nxb5 24. Nxb5 Nc8 25. Ke2 Kf7 26. Kd3 Ke7
27. Ke4 Kd7 28. Kd3 a6 29. Nc3 Kc6 30. e4 Kd6 31. Nd5 f5 32. f3 f4 33. Kc3 Kc6
34. Nb4+ Kd6 35. Nxa6 Ne7 36. Nb4 Ng6 37. Nd3 Nf8 38. Kc4 Nd7 39. b4 Kc6 40. a4
g5 41. a5 b5+ 42. Kc3 Kd6 43. Ne1 Nb8 44. Nd3 Nc6 45. Nc5 Na7 1/2-1/2

[Event "Ì15Ï"]
[Site "Loo"]
[Date "2017.04.24"]
[Round "5.54"]
[White "Àíòîíîâ, Àíäðåé."]
[Black "Êîíîòîï, Äàíèèë."]
[Result "1/2-1/2"]
[WhiteElo "1373"]
[BlackElo "1620"]
[PlyCount "83"]
[EventDate "2017.04.20"]

1. e4 d6 2. f4 d5 3. exd5 Qxd5 4. Nc3 Qd8 5. Bc4 Nf6 6. Nf3 e6 7. O-O Be7 8. d3
O-O 9. Be3 c5 10. Ne4 b6 11. Ne5 Nxe4 12. dxe4 Bb7 13. Qf3 Nd7 14. Nxd7 Qxd7
15. Rfe1 Qc6 16. Kh1 Qxe4 17. Qxe4 Bxe4 18. Bxc5 Bxg2+ 19. Kxg2 Bxc5 20. Rad1
Rfd8 21. Kf3 Bd4 22. c3 Bf6 23. Bb3 Kf8 24. Bc2 h6 25. Rxd8+ Rxd8 26. Rd1 Rxd1
27. Bxd1 b5 28. Be2 b4 29. cxb4 Bxb2 30. a4 Ke7 31. Ke4 Kd6 32. h3 Kc6 33. Bc4
Bc3 34. f5 Bxb4 35. fxe6 fxe6 36. Bxe6 Kd6 37. Bc4 a5 38. Kf5 Bc3 39. Kg6 Kc5
40. Bb5 Kd5 41. h4 Ke4 42. h5 1/2-1/2

[Event "Ì15Ï"]
[Site "Loo"]
[Date "2017.04.24"]
[Round "5.55"]
[White "Ïðèùåíêî, Àíäðåé."]
[Black "Êîíîâàëîâ, Àëåêñåé."]
[Result "1/2-1/2"]
[WhiteElo "1280"]
[BlackElo "1581"]
[PlyCount "80"]
[EventDate "2017.04.20"]

1. e4 c5 2. c3 e6 3. d4 d5 4. e5 Nc6 5. Nf3 cxd4 6. cxd4 Qb6 7. a3 Nge7 8. Nc3
a6 9. Be2 Nf5 10. Na4 Qa7 11. Be3 Nxe3 12. fxe3 b5 13. Rc1 Bd7 14. Nc3 b4 15.
Nb1 Be7 16. O-O O-O 17. Bd3 h6 18. Bc2 Na5 19. axb4 Nc4 20. Qd3 g6 21. b3 Nb6
22. Qd2 Bb5 23. Bd3 Bxd3 24. Qxd3 Rac8 25. b5 axb5 26. Qxb5 Rb8 27. Qd3 Nd7 28.
Rc2 Rb7 29. Rfc1 Kg7 30. Rc8 Nb8 31. R8c2 Qb6 32. Nbd2 Rd8 33. Ra1 Rdd7 34.
Rca2 Rdc7 35. Rc2 Rd7 36. Rca2 Rdc7 37. Rc2 Rd7 38. Rca2 Rdc7 39. Rc2 Rd7 40.
Rca2 Rdc7 1/2-1/2

[Event "Ì15Ï"]
[Site "Loo"]
[Date "2017.04.24"]
[Round "5.56"]
[White "Òðàùåíêî, Äàìèð."]
[Black "Ôèðñòîâ, Òèìóð."]
[Result "1/2-1/2"]
[WhiteElo "1805"]
[BlackElo "1412"]
[PlyCount "87"]
[EventDate "2017.04.20"]

1. e4 c6 2. d4 d5 3. exd5 cxd5 4. c4 Nf6 5. Nc3 e6 6. Nf3 Bb4 7. cxd5 Nxd5 8.
Qc2 Nc6 9. Bd3 O-O 10. Bxh7+ Kh8 11. Bd3 Nf6 12. Be3 b6 13. O-O Bb7 14. Ne4 Be7
15. Qe2 Nb4 16. Nxf6 Bxf6 17. Ng5 g6 18. Be4 Bxe4 19. Nxe4 Nd5 20. Rac1 Qe7 21.
Qf3 Rac8 22. Nxf6 Nxf6 23. Bg5 Kg7 24. Rc3 Rxc3 25. bxc3 Rd8 26. Rd1 Rd5 27.
Bxf6+ Qxf6 28. Qxf6+ Kxf6 29. c4 Ra5 30. Rd2 Ra4 31. Rc2 Ra3 32. c5 Rd3 33. Kf1
Rxd4 34. cxb6 axb6 35. Rb2 Rd6 36. Ke2 Kg5 37. Ke3 f5 38. Rb4 e5 39. f3 Rc6 40.
a4 Rc3+ 41. Kd2 Ra3 42. Rxb6 Rxa4 43. Rb2 Rh4 44. h3 1/2-1/2

[Event "Ì15Ï"]
[Site "Loo"]
[Date "2017.04.24"]
[Round "5.57"]
[White "Êëûêîâ, Ãåîðãèé."]
[Black "Øïóðîâ, Àëåêñàíäð."]
[Result "1-0"]
[WhiteElo "1737"]
[BlackElo "1237"]
[PlyCount "81"]
[EventDate "2017.04.20"]

1. d4 Nf6 2. c4 g6 3. Nc3 Bg7 4. e4 d6 5. Nf3 O-O 6. Be2 Nbd7 7. O-O e5 8. d5
Nc5 9. Qc2 a5 10. Rb1 Ne8 11. b3 f5 12. Nd2 f4 13. a3 b6 14. b4 axb4 15. axb4
Nb7 16. Nb3 Qg5 17. Kh1 Qh4 18. Bd2 g5 19. f3 g4 20. fxg4 Bxg4 21. Bxg4 Qxg4
22. Rf3 Rf6 23. Be1 Rh6 24. Nd2 Bf6 25. h3 Qg5 26. Rf2 Ng7 27. Nf3 Qg6 28. Nb5
Rc8 29. Ra1 Qf7 30. Ra7 Nd8 31. c5 Qd7 32. Na3 Bh4 33. Nxh4 Rxh4 34. Rf3 Rh6
35. cxb6 Nf7 36. Rxc7 Rxc7 37. Qxc7 Qa4 38. b7 Qd1 39. b8=Q+ Ne8 40. Qxe8+ Kg7
41. Qcxf7# 1-0

[Event "Ì15Ï"]
[Site "Loo"]
[Date "2017.04.24"]
[Round "5.58"]
[White "Èëüþøèí, Òèìîôåé."]
[Black "Ñìåëûõ, Ýäâèí."]
[Result "1/2-1/2"]
[WhiteElo "1376"]
[BlackElo "1635"]
[PlyCount "110"]
[EventDate "2017.04.20"]

1. d4 d5 2. Nf3 c6 3. c4 Nf6 4. Qc2 e6 5. Nbd2 Nbd7 6. g3 Be7 7. Bg2 O-O 8. O-O
b6 9. e4 dxe4 10. Nxe4 Nxe4 11. Qxe4 Ba6 12. b3 c5 13. Rd1 Nf6 14. Qe1 Qc7 15.
Bf4 Bd6 16. Ne5 Rad8 17. dxc5 bxc5 18. Nc6 Rd7 19. Bxd6 Rxd6 20. Rxd6 Qxd6 21.
Nxa7 Qb6 22. Nc6 Bb7 23. Qa5 Qxa5 24. Nxa5 Bxg2 25. Kxg2 Rb8 26. Nc6 Rb6 27.
Ne5 Kf8 28. Rd1 Ke7 29. f3 Ra6 30. Rd2 Rb6 31. h4 h6 32. f4 h5 33. Kf3 Ra6 34.
Nd3 Nd7 35. b4 cxb4 36. Nxb4 Ra3+ 37. Rd3 Ra4 38. a3 Nc5 39. Nc6+ Kf6 40. Rc3
Ra6 41. Ne5 Rd6 42. Ke3 Ke7 43. Nd3 Nxd3 44. Rxd3 Rc6 45. Rc3 Kd6 46. Kd4 Ra6
47. c5+ Kc6 48. Kc4 Ra4+ 49. Kb3 Ra7 50. Rc4 Rd7 51. Kc3 Rd1 52. Kc2 Rd5 53.
Rc3 Rd7 54. Kb3 Ra7 55. Kc4 Ra4+ 1/2-1/2

[Event "Ì15Ï"]
[Site "Loo"]
[Date "2017.04.24"]
[Round "5.59"]
[White "Ìõèòàðÿí, Êàðåí."]
[Black "Ïåðåãóäîâ, Äåíèñ."]
[Result "1/2-1/2"]
[WhiteElo "1280"]
[BlackElo "1568"]
[PlyCount "38"]
[EventDate "2017.04.20"]

1. d4 e6 2. c4 Bb4+ 3. Bd2 Bxd2+ 4. Qxd2 f5 5. Nc3 Nf6 6. Nf3 O-O 7. e3 d6 8.
Be2 Nbd7 9. Qc2 b6 10. d5 Nc5 11. dxe6 Bxe6 12. Nd4 Qd7 13. Bf3 Rad8 14. Nc6
Ra8 15. Nd4 Rad8 16. Nc6 Ra8 17. Nd4 Rad8 18. Nc6 Ra8 19. Nd4 Rad8 1/2-1/2

[Event "Ì15Ï"]
[Site "Loo"]
[Date "2017.04.24"]
[Round "5.60"]
[White "Þñóïîâ, Ìàðê."]
[Black "Ïàâëè÷åíêî, Íèêèòà."]
[Result "0-1"]
[WhiteElo "1280"]
[BlackElo "1539"]
[PlyCount "136"]
[EventDate "2017.04.20"]

1. e4 e6 2. c4 c5 3. Nc3 Nc6 4. g3 d6 5. Bg2 Nf6 6. Nge2 Qb6 7. b3 Nb4 8. d3
Bd7 9. a3 Nc6 10. Bb2 Nd4 11. O-O Qxb3 12. Rb1 Qxd1 13. Rfxd1 Nxe2+ 14. Nxe2
Ba4 15. Rdc1 e5 16. Nc3 Bc6 17. Ba1 Be7 18. Nd5 Rb8 19. Nc7+ Kd8 20. Nb5 a6 21.
Nc3 Kc7 22. Nd5+ Nxd5 23. exd5 Ba4 24. Bc3 Bg5 25. f4 exf4 26. gxf4 Bxf4 27.
Rf1 Be3+ 28. Kh1 f6 29. Rfe1 Rhe8 30. Be4 Bh6 31. Bxh7 b5 32. Ba5+ Kb7 33. Bg6
Re5 34. Bc3 Rxe1+ 35. Rxe1 bxc4 36. dxc4 Kb6 37. Re7 Rb7 38. Re6 Bf4 39. Re2
Be5 40. Bd2 Re7 41. Re1 Be8 42. Bxe8 Rxe8 43. a4 Rh8 44. a5+ Kc7 45. Re2 Rh4
46. Rg2 g5 47. Be3 Rxc4 48. Rg1 Rc2 49. Rg2 Rxg2 50. Kxg2 Bc3 51. Bc1 c4 52.
Kf3 Bxa5 53. Ke4 Bc3 54. h3 a5 55. Kf5 Kd7 56. Kg6 Ke7 57. Kg7 a4 58. Kg8 Ba1
59. Kg7 c3 60. Kg6 Bb2 61. Kf5 Bxc1 62. Ke4 a3 63. Kd3 Bb2 64. Kc2 a2 65. Kb3
a1=Q 66. Kc2 Qa4+ 67. Kb1 Qb3 68. h4 c2# 0-1

[Event "Ì15Ï"]
[Site "Loo"]
[Date "2017.04.24"]
[Round "5.61"]
[White "Ìåäâåäåâ, Äàâèä."]
[Black "Êëþñ, Íèêèòà."]
[Result "1-0"]
[WhiteElo "1488"]
[BlackElo "1384"]
[PlyCount "39"]
[EventDate "2017.04.20"]

1. d4 d5 2. Nf3 Nf6 3. Bf4 e6 4. e3 Be7 5. Bd3 Nbd7 6. Nbd2 O-O 7. c3 c6 8. O-O
Re8 9. e4 dxe4 10. Nxe4 Nd5 11. Bg3 c5 12. Bc2 cxd4 13. Qxd4 N7f6 14. Nxf6+
Nxf6 15. Rfd1 b6 16. Ba4 Qxd4 17. Rxd4 Bc5 18. Bxe8 Bxd4 19. Bc6 Bd7 20. Bxa8
1-0

[Event "Ì15Ï"]
[Site "Loo"]
[Date "2017.04.24"]
[Round "5.62"]
[White "Áåëîâ, Ñòåïàí."]
[Black "Ìàðåâè÷åâ, Åãîð."]
[Result "0-1"]
[WhiteElo "1216"]
[BlackElo "1488"]
[PlyCount "120"]
[EventDate "2017.04.20"]

1. e4 e5 2. Nf3 Nc6 3. Bb5 Bc5 4. O-O Nd4 5. Bc4 d6 6. d3 h6 7. Nxd4 Bxd4 8. c3
Bb6 9. a4 a5 10. Nd2 Nf6 11. h3 g5 12. Qb3 Qe7 13. Nf3 g4 14. hxg4 Bxg4 15. Nh4
Nxe4 16. Bxf7+ Qxf7 17. Qxf7+ Kxf7 18. dxe4 Raf8 19. g3 Bh3 20. Re1 Ke6 21. Re2
Rf6 22. Be3 Bxe3 23. Rxe3 Rhf8 24. f3 Ke7 25. g4 h5 26. gxh5 Rg8+ 27. Kf2 Bg4
28. Rg1 Kf7 29. h6 Be6 30. h7 Rh8 31. c4 Rxh7 32. Ng2 Rh2 33. b3 Rg6 34. Kf1
Bh3 35. Re2 Rg3 36. Rf2 Bxg2+ 37. Rgxg2 Rhxg2 38. Rxg2 Rxf3+ 39. Kg1 Rxb3 40.
Rf2+ Ke7 41. Rg2 Rc3 42. Rg7+ Kd8 43. Rg8+ Kd7 44. Rb8 b6 45. Rh8 Rxc4 46. Rh7+
Kc6 47. Rh4 Rxa4 48. Kf2 Rc4 49. Ke3 a4 50. Rh1 b5 51. Rb1 b4 52. Kd3 Rc3+ 53.
Kd2 Kc5 54. Ra1 a3 55. Ra2 Kd4 56. Ke2 b3 57. Rxa3 b2 58. Ra4+ Rc4 59. Rxc4+
Kxc4 60. Kd2 b1=Q 0-1

[Event "Ì15Ï"]
[Site "Loo"]
[Date "2017.04.24"]
[Round "5.64"]
[White "Íàãèáèí, Äàíèëà."]
[Black "Âîëîäèí, Àíäðåé."]
[Result "1/2-1/2"]
[WhiteElo "1239"]
[BlackElo "1467"]
[PlyCount "63"]
[EventDate "2017.04.20"]

1. e4 e5 2. Nf3 Nc6 3. Bc4 Bc5 4. O-O d6 5. d3 Na5 6. Bb3 Nxb3 7. axb3 Nf6 8.
Bg5 h6 9. Bh4 Bg4 10. Kh1 g5 11. Bg3 Nh5 12. h3 Bd7 13. Nh2 Nxg3+ 14. fxg3 Qe7
15. Nc3 c6 16. Qf3 Be6 17. Ng4 O-O-O 18. Na4 Bb4 19. Nc3 h5 20. Qf6 Qf8 21. Ne3
Rh6 22. Qxg5 Kb8 23. Rf6 Rh7 24. Nf5 d5 25. Rf1 d4 26. Na2 Ba5 27. Nh4 Qd6 28.
Nf5 Qf8 29. Nh4 Qd6 30. Nf5 Qf8 31. Nh4 Qd6 32. Nf5 1/2-1/2

[Event "Ì15Ï"]
[Site "Loo"]
[Date "2017.04.24"]
[Round "5.66"]
[White "Îíèùåíêî, Ãåííàäèé."]
[Black "Êîäçîåâ, Àëåêñàíäð."]
[Result "0-1"]
[WhiteElo "1451"]
[BlackElo "1229"]
[PlyCount "84"]
[EventDate "2017.04.20"]

1. e4 c5 2. Nf3 d6 3. d4 cxd4 4. Nxd4 Nf6 5. Nc3 g6 6. Bc4 Bg7 7. Be3 O-O 8.
Qd2 Nc6 9. Nxc6 bxc6 10. Bh6 Qa5 11. Bxg7 Kxg7 12. O-O-O Ba6 13. Qe2 Bxc4 14.
Qxc4 Qg5+ 15. Kb1 Qxg2 16. Qxc6 Qxf2 17. Qb7 Rfe8 18. Qa6 Rec8 19. Qd3 Rab8 20.
h4 h5 21. Rdf1 Qc5 22. Rh3 Ng4 23. Rg3 Ne5 24. Qd5 Qxd5 25. exd5 Nc4 26. Re1
Rxb2+ 27. Kc1 Rb7 28. Ne2 Ne5 29. Nf4 Kh6 30. Nh3 Rb4 31. Ng5 Rxh4 32. Rxe5
dxe5 33. Nxf7+ Kh7 34. Nxe5 Rg8 35. Nc6 Re4 36. Rb3 h4 37. Nxa7 g5 38. Nc6 g4
39. Rb7 Rg7 40. a4 Rxa4 41. Rxe7 Rxe7 42. Nxe7 g3 0-1

[Event "Ì15Ï"]
[Site "Loo"]
[Date "2017.04.24"]
[Round "5.67"]
[White "Òÿí, Îëåã."]
[Black "Àñòàõîâ, Äìèòðèé."]
[Result "1-0"]
[WhiteElo "1136"]
[BlackElo "1495"]
[PlyCount "109"]
[EventDate "2017.04.20"]

1. e4 d5 2. exd5 Qxd5 3. Nc3 Qa5 4. Nf3 Nf6 5. d4 Nc6 6. Bd2 a6 7. Ne4 Qb6 8.
Nxf6+ exf6 9. Bc3 Bg4 10. h3 Bh5 11. g4 Bg6 12. Qe2+ Ne7 13. O-O-O O-O-O 14.
Nh4 Nd5 15. Qc4 Nxc3 16. Qxc3 Bb4 17. Qc4 Be4 18. Bg2 Bxg2 19. Nxg2 Rd7 20. a3
Bd6 21. Rd3 Re8 22. Rb3 Qa5 23. Re3 Rxe3 24. fxe3 Re7 25. e4 Qg5+ 26. Kb1 Qd2
27. Nh4 g6 28. Rf1 Kd7 29. Ka2 Qh6 30. Ng2 Qxh3 31. Ne1 Qxg4 32. Nd3 Qxe4 33.
Rxf6 b5 34. Nc5+ Bxc5 35. Qxc5 h5 36. Rxa6 Re6 37. Qxb5+ Ke7 38. Qg5+ Kd7 39.
Qb5+ Ke7 40. Qg5+ Ke8 41. Qb5+ c6 42. Ra8+ Ke7 43. Qc5+ Kf6 44. Qc3 Qf5 45. b3
h4 46. Rh8 g5 47. Qd3 Qe4 48. Qc3 Qd5 49. Qd3 Re4 50. Qf3+ Rf4 51. Rh6+ Ke7 52.
Qe3+ Qe4 53. Qc3 Qxd4 54. Qxc6 Qd7 55. Qc5+ 1-0

[Event "Ì15Ï"]
[Site "Loo"]
[Date "2017.04.24"]
[Round "5.70"]
[White "Òåáëîåâ, Ðóñòåì."]
[Black "Ïåòÿêîâ, Ýìèð."]
[Result "0-1"]
[WhiteElo "1234"]
[BlackElo "1191"]
[PlyCount "114"]
[EventDate "2017.04.20"]

1. d4 Nf6 2. Bg5 c5 3. Bxf6 exf6 4. d5 d6 5. c4 Qb6 6. Qb3 Nd7 7. Nc3 Be7 8. e4
Ne5 9. g3 f5 10. f4 Ng4 11. Bg2 Ne3 12. Bf3 Qxb3 13. axb3 Nc2+ 14. Kd2 Nxa1 15.
Bd1 fxe4 16. Kc1 Bf5 17. Kb1 Nxb3 18. Bxb3 O-O 19. Bc2 Rfe8 20. Bxe4 Bxe4+ 21.
Nxe4 f5 22. Nd2 g5 23. Ngf3 g4 24. Ne1 Bf6 25. Nc2 Re2 26. Nb3 b6 27. Nc1 Re4
28. Na3 Rae8 29. Nb5 Be7 30. b3 a6 31. Nc7 Rc8 32. Ne6 Kf7 33. h3 gxh3 34. Rxh3
Kg6 35. Rh4 Bxh4 36. gxh4 Re8 37. Nc7 R8e7 38. Ne6 R7xe6 39. dxe6 Rxe6 40. Nd3
Re3 41. Kc2 Kh5 42. Kd2 Rxd3+ 43. Kxd3 Kxh4 44. Ke3 Kg3 45. Ke2 h5 46. Kf1 h4
47. Kg1 Kxf4 48. Kg2 Kg4 49. Kh2 f4 50. Kg2 h3+ 51. Kh2 f3 52. Kg1 Kf4 53. b4
cxb4 54. c5 bxc5 55. Kh2 b3 56. Kxh3 b2 57. Kh4 b1=Q 0-1

[Event "Ì15Â"]
[Site "Loo"]
[Date "2017.04.24"]
[Round "5.1"]
[White "Íåñòåðîâ, Àðñåíèé."]
[Black "Öîé, Äìèòðèé."]
[Result "1-0"]
[WhiteElo "2324"]
[BlackElo "2305"]
[PlyCount "69"]
[EventDate "2017.04.20"]

1. d4 Nf6 2. c4 e6 3. Nc3 Bb4 4. e3 O-O 5. Bd3 d5 6. Nge2 c5 7. a3 Bxc3+ 8.
bxc3 dxc4 9. Bxc4 Qc7 10. Bb3 Nc6 11. O-O Na5 12. Bc2 b6 13. e4 Ba6 14. Bg5 Ng4
15. Bf4 e5 16. Bg3 cxd4 17. cxd4 Qc4 18. Re1 Rad8 19. d5 f5 20. Nc1 Nf6 21. Nb3
Nb7 22. Nd2 Qc7 23. exf5 Nxd5 24. Bxe5 Qd7 25. Qf3 Nc5 26. Rad1 Qb5 27. Nb3 Qc4
28. Nxc5 Qxc5 29. Bb3 Bb7 30. Qg3 Rf7 31. f6 Bc8 32. Bd6 Qxd6 33. Qxd6 Rxd6 34.
Rxd5 Rxd5 35. Re8+ 1-0

[Event "Ì15Â"]
[Site "Loo"]
[Date "2017.04.24"]
[Round "5.2"]
[White "Êîëäàåâ, Äóíãàð."]
[Black "Ïîãîñÿí, Ñòåôàí."]
[Result "0-1"]
[WhiteElo "1988"]
[BlackElo "2387"]
[PlyCount "74"]
[EventDate "2017.04.20"]

1. e4 e5 2. Nf3 Nc6 3. Bb5 a6 4. Ba4 Nf6 5. d3 b5 6. Bb3 Be7 7. c3 O-O 8. O-O
d6 9. Re1 Na5 10. Bc2 Re8 11. Nbd2 c5 12. Nf1 h6 13. Ng3 Bf8 14. h3 g6 15. d4
cxd4 16. cxd4 exd4 17. Nxd4 Bb7 18. f3 Bg7 19. b3 Rc8 20. Bb2 Qb6 21. Kh1 Nd7
22. Nge2 Nc6 23. Rc1 d5 24. Bb1 Nc5 25. exd5 Nb4 26. Qd2 Nxd5 27. Nc3 Red8 28.
Nxd5 Rxd5 29. b4 Na4 30. Rxc8+ Bxc8 31. Re8+ Kh7 32. Rxc8 Nxb2 33. Qxb2 Rxd4
34. Qb3 Qd6 35. Bc2 Qf4 36. Be4 Rd2 37. a3 Qg3 0-1

[Event "Ì15Â"]
[Site "Loo"]
[Date "2017.04.24"]
[Round "5.3"]
[White "Åðèöÿí, Àðàì."]
[Black "Âîëîâè÷, Âàñèëèé."]
[Result "1/2-1/2"]
[WhiteElo "2372"]
[BlackElo "2152"]
[PlyCount "127"]
[EventDate "2017.04.20"]

1. Nf3 e6 2. g3 f5 3. d3 Nc6 4. d4 Nf6 5. Bg2 Be7 6. c4 d5 7. O-O O-O 8. b3 Ne4
9. Bb2 Bf6 10. Nbd2 Qe7 11. Qc1 a5 12. Rd1 Rd8 13. Ne5 Bxe5 14. dxe5 Nxd2 15.
Rxd2 dxc4 16. Rxd8+ Qxd8 17. Qxc4 Nb4 18. e4 fxe4 19. Bxe4 Nd5 20. Rd1 c6 21.
Qd3 h6 22. Qf3 Bd7 23. Ba3 Qe8 24. Bb1 g6 25. Qg4 Kg7 26. h4 h5 27. Qg5 Qf7 28.
Be4 c5 29. Bxc5 Bc6 30. Re1 Nc3 31. Bxc6 bxc6 32. Kg2 Nd5 33. Qd2 a4 34. b4 Qf5
35. Qd4 Qc2 36. a3 Qb3 37. g4 Qxa3 38. gxh5 gxh5 39. Rd1 Rg8 40. Rd3 Kf7+ 41.
Kh2 Qc1 42. Rd1 Qc2 43. Qd3 Qxd3 44. Rxd3 Rg2+ 45. Kh1 Rg4 46. Ra3 Rxh4+ 47.
Kg1 Nxb4 48. Rxa4 Rg4+ 49. Kf1 Nd3 50. Ra7+ Kg6 51. Bd6 Rf4 52. Ra2 c5 53. Kg2
Kf5 54. Bc7 Nxe5 55. Ra8 Rg4+ 56. Kh3 c4 57. Ra5 Re4 58. Rc5 Kf6 59. Bxe5+ Rxe5
60. Rxc4 Rg5 61. Rc8 Re5 62. Rc4 Rg5 63. Rc1 Rg8 64. Rh1 1/2-1/2

[Event "Ì15Â"]
[Site "Loo"]
[Date "2017.04.24"]
[Round "5.4"]
[White "Àêî÷¸íîê, Äàíèèë."]
[Black "Øóáèí, Êèðèëë."]
[Result "1/2-1/2"]
[WhiteElo "1917"]
[BlackElo "2287"]
[PlyCount "129"]
[EventDate "2017.04.20"]

1. d4 Nf6 2. Bg5 e6 3. e4 h6 4. Bxf6 Qxf6 5. Nc3 Bb4 6. Qd2 O-O 7. Nge2 d5 8.
e5 Qd8 9. f4 f6 10. O-O-O fxe5 11. fxe5 c5 12. g3 Nc6 13. Bh3 Qg5 14. Qxg5 hxg5
15. a3 Ba5 16. dxc5 Bc7 17. Nd4 Nxd4 18. Rxd4 Bxe5 19. Rd3 Bf6 20. Re1 e5 21.
Nb5 d4 22. Bxc8 Rfxc8 23. b4 b6 24. cxb6 axb6 25. Kb2 Rc6 26. Kb3 Rac8 27. Re2
e4 28. Rxe4 Rxc2 29. Nxd4 Rxh2 30. Ka4 g4 31. Rxg4 Rd8 32. Nf3 b5+ 33. Ka5 Rf2
34. Re3 Rb8 35. Rge4 Kh7 36. Nd4 Bd8+ 37. Ka6 Rb6+ 38. Ka7 Rd6 39. Rf3 Rh2 40.
Nxb5 Rd7+ 41. Kb8 Bf6 42. a4 Kg6 43. Re8 Rb2 44. Rf4 Rc2 45. a5 Rd5 46. Nc7 Rd7
47. Na6 Be7 48. b5 Bd6+ 49. Ka8 Bxf4 50. gxf4 Ra2 51. Kb8 Rxa5 52. Re5 Ra1 53.
Nc7 Rb1 54. Kc8 Rd4 55. Rg5+ Kf7 56. Rf5+ Kg8 57. Kb7 Rbb4 58. Ne6 Rd6 59. Nc7
g6 60. Rg5 Rxf4 61. b6 Rf7 62. Ka7 Rf1 63. Ra5 Rb1 64. Nb5 Rd5 65. Ka6 1/2-1/2

[Event "Ì15Â"]
[Site "Loo"]
[Date "2017.04.24"]
[Round "5.5"]
[White "Ðåìèçîâ, ßðîñëàâ."]
[Black "Ìóõóòäèíîâ, Òèãðàí."]
[Result "0-1"]
[WhiteElo "2218"]
[BlackElo "2136"]
[PlyCount "104"]
[EventDate "2017.04.20"]

1. e4 e5 2. Nf3 Nc6 3. Bc4 Bc5 4. c3 Nf6 5. d3 d6 6. O-O O-O 7. a4 a6 8. Re1 h6
9. Na3 Ba7 10. Be3 Bxe3 11. fxe3 a5 12. Bb3 Ne7 13. Rf1 Ng6 14. Qe1 c6 15. Qg3
Qb6 16. Nd2 Kh7 17. Nac4 Qc7 18. d4 Be6 19. Bc2 Rae8 20. b3 Bc8 21. Nb2 Kh8 22.
Rae1 Re7 23. h3 Rfe8 24. Nd1 Nf8 25. Nf2 b6 26. Nh1 d5 27. exd5 cxd5 28. c4 Qd8
29. dxe5 Rxe5 30. cxd5 Qxd5 31. Nc4 Rg5 32. Qf3 Bb7 33. e4 Qc5+ 34. Nf2 Ng6 35.
Qe3 Qc7 36. g4 Nd5 37. Qf3 Nh4 38. Qd3 Nb4 39. Qd6 Nf3+ 40. Kh1 Qxd6 41. Nxd6
Nxe1 42. Bb1 Re7 43. Rxe1 Rc5 44. Nxb7 Rxb7 45. e5 Re7 46. Kg2 Rcxe5 47. Rd1 g6
48. Rd6 R5e6 49. Rd8+ Kg7 50. Nd1 Re2+ 51. Kf3 Re1 52. Rd2 Rf1+ 0-1

[Event "Ì15Â"]
[Site "Loo"]
[Date "2017.04.24"]
[Round "5.6"]
[White "Âàñèëüåâ, Ãåîðãèé."]
[Black "Ìàêàðÿí, Ðóäèê."]
[Result "1-0"]
[WhiteElo "2011"]
[BlackElo "2207"]
[PlyCount "63"]
[EventDate "2017.04.20"]

1. d4 Nf6 2. Nf3 e6 3. c4 b6 4. a3 Bb7 5. Nc3 d5 6. cxd5 Nxd5 7. Qc2 Nxc3 8.
bxc3 c5 9. e4 Nd7 10. Bd3 Rc8 11. Qe2 Be7 12. O-O O-O 13. Bf4 cxd4 14. cxd4 Nf6
15. a4 a5 16. Rac1 Rxc1 17. Rxc1 Qa8 18. Nd2 Rc8 19. Rb1 Bb4 20. Nc4 Rxc4 21.
Bxc4 Nxe4 22. Rc1 Nc3 23. Qg4 Ba6 24. Be5 g6 25. Qf4 Bb7 26. Qf6 Kf8 27. Rxc3
Bxc3 28. Bxe6 Qe8 29. Bd6+ Kg8 30. Bxf7+ Qxf7 31. Qd8+ Kg7 32. Be5+ 1-0

[Event "Ì15Â"]
[Site "Loo"]
[Date "2017.04.24"]
[Round "5.7"]
[White "Àâàëÿí, Àðòóð."]
[Black "Øèäëîâñêèé, Àðòåìèé."]
[Result "1-0"]
[WhiteElo "2163"]
[BlackElo "1975"]
[PlyCount "67"]
[EventDate "2017.04.20"]

1. d4 Nf6 2. c4 e5 3. dxe5 Ng4 4. e3 Nxe5 5. Nc3 Bc5 6. a3 a5 7. Nf3 Nbc6 8. b3
O-O 9. Bb2 d6 10. Qc2 f5 11. Nd5 Ng6 12. O-O-O Be6 13. h4 a4 14. Qc3 Qd7 15. b4
Ba7 16. h5 Nge5 17. b5 Na5 18. Nxe5 dxe5 19. Qxe5 Nb3+ 20. Kc2 Rad8 21. Be2 Qf7
22. h6 Bxd5 23. cxd5 Rfe8 24. Qxg7+ Qxg7 25. hxg7 Nc5 26. Rh5 f4 27. Rdh1 Nb3
28. Rxh7 Nd4+ 29. Kd3 f3 30. Bxf3 Nxf3 31. Rh8+ Kf7 32. Rxe8 Ne1+ 33. Rxe1 Rxe8
34. Rh1 1-0

[Event "Ì15Â"]
[Site "Loo"]
[Date "2017.04.24"]
[Round "5.8"]
[White "Ñêà÷êîâ, Âàëåðèé."]
[Black "Ïåðîâ, Ãåðìàí."]
[Result "1-0"]
[WhiteElo "2149"]
[BlackElo "1944"]
[PlyCount "52"]
[EventDate "2017.04.20"]

1. d4 d5 2. Nf3 Nf6 3. c4 e6 4. Nc3 c5 5. e3 Nc6 6. Be2 dxc4 7. Bxc4 cxd4 8.
exd4 Be7 9. O-O O-O 10. Bf4 Nd5 11. Nxd5 exd5 12. Be2 Bf6 13. Qd2 Bg4 14. Be3
Qb6 15. Rfd1 Rac8 16. Rac1 Rc7 17. Kh1 Re7 18. h3 Bh5 19. Rc5 Rd7 20. Ne5 Bxe5
21. Bxh5 Bd6 22. Rcc1 f5 23. g3 Qd8 24. Bf3 f4 25. Bxf4 Bb8 26. Rg1 Rdf7 {
äàëåå çàïèñü íåðàçáîð~~èâà} 1-0

[Event "Ì15Â"]
[Site "Loo"]
[Date "2017.04.24"]
[Round "5.9"]
[White "Ìóòîâèí, Åãîð."]
[Black "Êàâûåâ, Ðóñëàí."]
[Result "0-1"]
[WhiteElo "1915"]
[BlackElo "2242"]
[PlyCount "90"]
[EventDate "2017.04.20"]

1. d4 Nf6 2. c4 g6 3. Nc3 d5 4. cxd5 Nxd5 5. e4 Nxc3 6. bxc3 Bg7 7. Bc4 c5 8.
Ne2 Nc6 9. Be3 O-O 10. O-O Bg4 11. f3 Bd7 12. Rb1 Qc7 13. Bf4 Qc8 14. Rc1 e5
15. Be3 Na5 16. Bd5 Be6 17. dxc5 Nc4 18. Bf2 Bh6 19. Rc2 Rd8 20. f4 exf4 21.
Qd4 Ne3 22. Bxe3 fxe3 23. Nf4 Bf8 24. Re2 Bxc5 25. Qf6 Bxd5 26. Nxd5 Qe6 27.
Qg5 Rac8 28. Qh6 Rxd5 29. exd5 Qxd5 30. Qf4 Bd6 31. Qd4 Qh5 32. g4 Qb5 33. c4
Qxc4 34. Qxd6 Qxe2 35. Qd7 Rf8 36. Qxb7 Qxg4+ 37. Kh1 e2 38. Re1 Re8 39. Qxa7
Qe4+ 40. Kg1 Re5 41. Qb8+ Kg7 42. Qb2 h5 43. Qd2 Qg4+ 44. Kf2 Rf5+ 45. Ke3 Qf3+
0-1

[Event "Ì15Â"]
[Site "Loo"]
[Date "2017.04.24"]
[Round "5.10"]
[White "Øàéõàëèåâ, Äæîõàð."]
[Black "Ïîñòíèêîâ, Ðîìàí."]
[Result "1-0"]
[WhiteElo "1846"]
[BlackElo "2081"]
[PlyCount "103"]
[EventDate "2017.04.20"]

1. e4 c5 2. Nf3 e6 3. d4 cxd4 4. Nxd4 Nc6 5. Nc3 Qc7 6. Be3 a6 7. Bd3 Nf6 8.
O-O Be7 9. Qe2 O-O 10. f4 d6 11. Kh1 Nxd4 12. Bxd4 e5 13. Be3 exf4 14. Bxf4 Be6
15. e5 Ng4 16. Nd5 Bxd5 17. Qxg4 dxe5 18. Bh6 g6 19. Bxf8 Rxf8 20. b3 Be6 21.
Qe2 f5 22. Bc4 Bxc4 23. Qxc4+ Qxc4 24. bxc4 Kf7 25. Rab1 Rb8 26. g4 Ke6 27.
gxf5+ gxf5 28. Rb6+ Kd7 29. Rxf5 Kc7 30. Re6 Bd6 31. Rf7+ Kc6 32. Rff6 Rd8 33.
Rxe5 b6 34. Re1 Kc5 35. Rf5+ Kxc4 36. Rd1 Bc7 37. Rxd8 Bxd8 38. Rf3 h6 39. Kg2
b5 40. Kh3 b4 41. Kg4 Bg5 42. h4 Bc1 43. Kf5 a5 44. Ke6 a4 45. h5 Kd4 46. Kd6
Ke4 47. Rh3 Kf4 48. Kd5 Kg4 49. Rh1 Bd2 50. Kc4 Bc3 51. a3 Bb2 52. Kxb4 1-0